[Event "TUR-chT Clubs"]
[Site "Konya"]
[Date "2019.07.18"]
[Round "5.22"]
[White "Damar, Sehmus"]
[Black "Ozgun, Ozgur"]
[Result "1-0"]
[WhiteElo "1859"]
[BlackElo "1395"]
[PlyCount "47"]
[EventDate "2019.07.16"]
[EventType "team-swiss"]
[EventRounds "9"]
[EventCountry "TUR"]
[SourceTitle "CBM 191 Extra"]
[Source "ChessBase"]
[SourceDate "2019.09.30"]
[SourceVersion "1"]
[SourceVersionDate "2019.09.30"]
[SourceQuality "1"]
[WhiteTeam "Cendosk Cendere Doga"]
[BlackTeam "Nusaybin Dernegi"]
[WhiteTeamCountry "TUR"]
[BlackTeamCountry "TUR"]

1. d4 d5 2. c4 c6 3. Nc3 Nf6 4. Nf3 e6 5. e3 Bb4 6. Bd3 dxc4 7. Bxc4 Nd5 8. Qb3 0-0 9. e4 Nxc3 10. bxc3 Be7 11. e5 b5 12. Bd3 Nd7 13. h4 a6 14. Qd1 c5 15. Bxh7+ Kh8 16. Be4 Rb8 17. Ng5 g6 18. h5 Kg7 19. Qg4 Rh8 20. Nxf7 Kxf7 21. Qxg6+ Kf8 22. Bh6+ Rxh6 23. Qxh6+ Kg8 24. Qh7+ 1-0

[Event "TUR-chT Clubs"]
[Site "Konya"]
[Date "2019.07.17"]
[Round "3.23"]
[White "Damar, Sehmus"]
[Black "Turan, Seyithan"]
[Result "0-1"]
[WhiteElo "1859"]
[BlackElo "1705"]
[PlyCount "114"]
[EventDate "2019.07.16"]
[EventType "team-swiss"]
[EventRounds "9"]
[EventCountry "TUR"]
[SourceTitle "CBM 191 Extra"]
[Source "ChessBase"]
[SourceDate "2019.09.30"]
[SourceVersion "1"]
[SourceVersionDate "2019.09.30"]
[SourceQuality "1"]
[WhiteTeam "Cendosk Cendere Doga"]
[BlackTeam "Karaman Onder Durmus"]
[WhiteTeamCountry "TUR"]
[BlackTeamCountry "TUR"]

1. d4 Nf6 2. c4 g6 3. Nc3 d5 4. Qb3 c6 5. Nf3 Bg7 6. Bf4 0-0 7. e3 Qa5 8. Bd3 Nbd7 9. 0-0 h6 10. Rac1 dxc4 11. Bxc4 Nh5 12. Bg3 Nxg3 13. fxg3 e6 14. g4 Nb6 15. Bd3 Nd5 16. Rce1 Qb6 17. h3 Qxb3 18. axb3 b6 19. Nxd5 exd5 20. e4 dxe4 21. Rxe4 b5 22. Re7 a6 23. Be4 Be6 24. Bxc6 Rad8 25. Rd1 Bxb3 26. Rd2 Bd5 27. Bxd5 Rxd5 28. Kf2 Rfd8 29. Ke3 a5 30. Ke4 Kf8 31. Ra7 a4 32. Ra8 Rxd4+ 33. Nxd4 Rxa8 34. Nxb5 Rb8 35. Nd4 Rb4 36. g3 Bxd4 37. Rxd4 Rxb2 38. Rxa4 Rb3 39. Ra2 Rxg3 40. Rh2 Rg1 41. Kf3 Ke7 42. Re2+ Kf6 43. h4 Rc1 44. Re3 Rc4 45. Ra3 Rd4 46. Ra5 Rd3+ 47. Ke4 Rh3 48. g5+ Kg7 49. h5 Rxh5 50. gxh6+ Kxh6 51. Ra7 Rf5 52. Ra1 Rh5 53. Kf4 Rf5+ 54. Kg4 Rb5 55. Rh1+ Kg7 56. Rf1 Rb4+ 57. Kg5 f6+ 0-1

[Event "TUR-chT2"]
[Site "Konya"]
[Date "2017.07.13"]
[Round "7.4"]
[White "Ozsoy, Alimert"]
[Black "Damar, Sehmus"]
[Result "1-0"]
[WhiteElo "1855"]
[BlackElo "1868"]
[PlyCount "171"]
[EventDate "2017.07.09"]
[EventType "team-swiss"]
[EventRounds "9"]
[EventCountry "TUR"]
[SourceTitle "CBM 179 Extra"]
[Source "ChessBase"]
[SourceDate "2017.08.23"]
[SourceVersion "1"]
[SourceVersionDate "2017.08.23"]
[SourceQuality "1"]
[WhiteTeam "Burhaniye"]
[BlackTeam "Cendosk Cendere Doga"]
[WhiteTeamCountry "TUR"]
[BlackTeamCountry "TUR"]

1. d4 Nf6 2. Nf3 e6 3. Bf4 d5 4. e3 c5 5. c3 Qb6 6. Qb3 c4 7. Qc2 Nh5 8. Be5 Qc6 9. Be2 Nd7 10. Nbd2 b5 11. h4 Nhf6 12. Bxf6 gxf6 13. e4 dxe4 14. Qxe4 Qxe4 15. Nxe4 Bb7 16. Ned2 Rg8 17. a4 bxa4 18. Nxc4 Rxg2 19. Kf1 Rg8 20. Rxa4 Nb6 21. Nxb6 axb6 22. Rxa8+ Bxa8 23. Bb5+ Kd8 24. Ke2 Kc7 25. Ra1 Kb8 26. Bd3 Bd6 27. b4 e5 28. dxe5 fxe5 29. Ng5 Rg7 30. Ra6 Bc7 31. f3 Bb7 32. Ra1 h6 33. Ne4 Rg2+ 34. Nf2 Bd8 35. Rh1 Bf6 36. Be4 Bg7 37. Rd1 Ba6+ 38. Bd3 Bc8 39. Be4 f5 40. Bd5 Bf6 41. Rh1 Be7 42. Kf1 Rg3 43. Ke2 Ba6+ 44. c4 Bxb4 45. Nd3 Bc3 46. Rb1 Bd4 47. Nxe5 Bxe5 48. Rxb6+ Ka7 49. Rxh6 f4 50. Re6 Bd4 51. Kd3 Bc5 52. Ke4 Rh3 53. Rh6 Be3 54. h5 Bc8 55. Rh8 Ba6 56. h6 Bd2 57. c5 Bb7 58. Rh7 Ka6 59. Bxb7+ Kb5 60. c6 Kb6 61. Ba8 Rh5 62. Rb7+ Ka6 63. c7 Rc5 64. Kd4 Be3+ 65. Ke4 Bd2 66. h7 Bc3 67. Rb8 Rc4+ 68. Kd3 Rxc7 69. h8Q Bxh8 70. Rxh8 Re7 71. Bd5 Kb6 72. Kd4 Re1 73. Rf8 Rd1+ 74. Ke5 Re1+ 75. Be4 Kc7 76. Rxf4 Kd7 77. Rf7+ Ke8 78. Ra7 Rh1 79. f4 Rh4 80. f5 Kf8 81. Bd5 Rh2 82. Ra8+ Kg7 83. f6+ Kg6 84. Be4+ Kf7 85. Ra7+ Kg8 86. Kd5 1-0

[Event "TUR-chT2"]
[Site "Konya"]
[Date "2017.07.10"]
[Round "2.10"]
[White "Damar, Sehmus"]
[Black "Demir, Ugur"]
[Result "0-1"]
[WhiteElo "1868"]
[BlackElo "1774"]
[PlyCount "48"]
[EventDate "2017.07.09"]
[EventType "team-swiss"]
[EventRounds "9"]
[EventCountry "TUR"]
[SourceTitle "CBM 179 Extra"]
[Source "ChessBase"]
[SourceDate "2017.08.23"]
[SourceVersion "1"]
[SourceVersionDate "2017.08.23"]
[SourceQuality "1"]
[WhiteTeam "Cendosk Cendere Doga"]
[BlackTeam "Artvin Il Ozel"]
[WhiteTeamCountry "TUR"]
[BlackTeamCountry "TUR"]

1. d4 d5 2. c4 e6 3. Nf3 c6 4. e3 Nf6 5. Nc3 Nbd7 6. Bd3 Bd6 7. b3 Qe7 8. Bb2 0-0 9. 0-0 e5 10. cxd5 e4 11. dxc6 bxc6 12. Nxe4 Nxe4 13. Qc2 f5 14. Qxc6 Nb6 15. a3 Bb7 16. Qb5 Ng5 17. Nxg5 Qxg5 18. g3 Qh5 19. Be2 Qh3 20. d5 Bxd5 21. f3 Bxg3 22. hxg3 Qxg3+ 23. Kh1 Rae8 24. Bf6 Re6 0-1

[Event "TUR-chT2"]
[Site "Konya"]
[Date "2017.07.09"]
[Round "1.10"]
[White "Damar, Sehmus"]
[Black "Mollaoglu, Salih"]
[Result "1-0"]
[WhiteElo "1868"]
[BlackElo "1528"]
[PlyCount "62"]
[EventDate "2017.07.09"]
[EventType "team-swiss"]
[EventRounds "9"]
[EventCountry "TUR"]
[SourceTitle "CBM 179 Extra"]
[Source "ChessBase"]
[SourceDate "2017.08.23"]
[SourceVersion "1"]
[SourceVersionDate "2017.08.23"]
[SourceQuality "1"]
[WhiteTeam "Cendosk Cendere Doga"]
[BlackTeam "Karaman Idman Yurdu"]
[WhiteTeamCountry "TUR"]
[BlackTeamCountry "TUR"]

1. d4 g6 2. c4 Bg7 3. Nf3 Nc6 4. Nc3 d6 5. h3 b6 6. g3 Bb7 7. Bg2 h6 8. 0-0 Nf6 9. e4 Nd7 10. Be3 e6 11. Rc1 Ne7 12. a3 0-0 13. b4 c5 14. bxc5 dxc5 15. d5 e5 16. Nh4 Kh7 17. Kh2 Nc8 18. a4 Nd6 19. Nb5 Nxb5 20. axb5 a6 21. Qe2 a5 22. Nf3 Qe7 23. Rcd1 Qd6 24. Rd3 Rfe8 25. g4 f5 26. gxf5 gxf5 27. Nh4 f4 28. Bc1 Bc8 29. Qh5 Rg8 30. Qf5+ Kh8 31. Ng6+ Kh7 1-0

[Event "Kahramanmaras op 7th"]
[Site "Kahramanmaras"]
[Date "2016.04.09"]
[Round "8.9"]
[White "Damar, Sehmus"]
[Black "Aydincelebi, Kagan"]
[Result "0-1"]
[WhiteElo "1873"]
[BlackElo "2072"]
[PlyCount "78"]
[EventDate "2016.04.04"]
[EventType "swiss"]
[EventRounds "9"]
[EventCountry "TUR"]
[SourceTitle "EXT 2018"]
[Source "ChessBase"]
[SourceDate "2017.10.13"]
[SourceVersion "1"]
[SourceVersionDate "2017.10.13"]
[SourceQuality "1"]

1. Nf3 Nf6 2. d4 c5 3. c3 g6 4. Bf4 Bg7 5. Bxb8 Rxb8 6. e3 0-0 7. Nbd2 Qc7 8. dxc5 Qxc5 9. Be2 d5 10. 0-0 Rd8 11. Rc1 b5 12. Qb3 Bf5 13. Rfd1 a5 14. a3 Qb6 15. Nd4 Bd7 16. f4 Bg4 17. Bf3 Bxf3 18. gxf3 e6 19. Nf1 Nd7 20. Qc2 Nc5 21. Qg2 Rdc8 22. Rc2 Na4 23. h4 Rc7 24. Qg5 Rbc8 25. Rg2 b4 26. cxb4 axb4 27. b3 Nc3 28. Rd3 bxa3 29. f5 exf5 30. Nxf5 Qf6 31. Rxc3 Qxg5 32. hxg5 Bxc3 33. Nh6+ Kg7 34. Ra2 Bb4 35. Rxa3 Bxa3 36. Kg2 f5 37. gxf6+ Kxh6 38. f4 g5 39. f5 g4 0-1